000
00335nam a2200157Ia 4500
003
OSt
008
191201s2019 xx 000 0 und d
082
_a
658.5
_b
MAO
100
_a
MAHADEVAN, B
245
0
_a
Operations Management
250
_a
IMP
260
_a
New Delhi
_b
Pearson
300
_a
650
650
_a
MBA
942
_2
ddc
_c
BK
999
_c
4158
_d
4158